[Event "Bratislava exe op 2nd"]
[Site "Bratislava"]
[Date "2024.09.18"]
[Round "5"]
[White "Piwowarczyk, Bartlomiej"]
[Black "Sokhor, Nazar"]
[Result "0-1"]
[WhiteElo "1896"]
[BlackElo "2090"]
[PlyCount "134"]
[EventDate "2024.09.14"]
[EventType "swiss"]
[EventRounds "9"]
[EventCountry "SVK"]
[SourceTitle "EXT 2025"]
[Source "ChessBase"]
[SourceDate "2024.10.14"]
[SourceVersion "1"]
[SourceVersionDate "2024.10.14"]
[SourceQuality "1"]

1. e4 g6 2. Nf3 Bg7 3. d3 d5 4. c3 dxe4 5. dxe4 Qxd1+ 6. Kxd1 b6 7. Bf4 Nf6 8. Nbd2 c5 9. Bc4 Bb7 10. Re1 0-0 11. h3 e6 12. Kc2 Nc6 13. Rad1 Na5 14. Bf1 h6 15. Ne5 Nh5 16. Bh2 g5 17. Ndc4 Nxc4 18. Nxc4 Rfd8 19. f3 Nf4 20. Rxd8+ Rxd8 21. Bxf4 gxf4 22. Rd1 Rxd1 23. Kxd1 Bf8 24. a4 Kg7 25. Na3 Bd6 26. Nc4 Bb8 27. b4 cxb4 28. cxb4 Bc7 29. Bd3 Kf6 30. Ke2 Bc6 31. b5 Bd7 32. Bc2 Bb8 33. Bd3 Be5 34. Bc2 Bd4 35. Nd6 Bc5 36. Nc4 e5 37. Bb3 Be6 38. Nd2 Bc8 39. Bc4 Kg6 40. Nb3 Be3 41. Na1 f6 42. Nc2 Bc5 43. Na1 Kg5 44. Nb3 Be3 45. Na1 Kh4 46. Nc2 Bc5 47. Ne1 Kg3 48. Kf1 f5 49. Nd3 Bd4 50. Nc1 Kh2 51. Ne2 Bb2 52. Ng1 Bd7 53. Bd5 Ba3 54. Ne2 fxe4 55. fxe4 f3 56. gxf3 Bxh3+ 57. Ke1 Bd6 58. Kf2 h5 59. Bf7 h4 60. Bh5 Bc5+ 61. Ke1 Be3 62. Nc3 Kg1 63. Nd5 Bf2+ 64. Ke2 Bf1+ 65. Kd1 h3 66. f4 h2 67. Bf3 Bg2 0-1

[Event "Bratislava exe op 2nd"]
[Site "Bratislava"]
[Date "2024.09.14"]
[Round "1"]
[White "Piwowarczyk, Bartlomiej"]
[Black "Sernecki, Franciszek"]
[Result "0-1"]
[WhiteElo "1896"]
[BlackElo "2336"]
[PlyCount "68"]
[EventDate "2024.09.14"]
[EventType "swiss"]
[EventRounds "9"]
[EventCountry "SVK"]
[SourceTitle "EXT 2025"]
[Source "ChessBase"]
[SourceDate "2024.10.14"]
[SourceVersion "1"]
[SourceVersionDate "2024.10.14"]
[SourceQuality "1"]

1. d4 Nf6 2. Nf3 e6 3. e3 d5 4. Bd3 c5 5. b3 Nc6 6. Bb2 b6 7. a3 Bb7 8. Nbd2 cxd4 9. exd4 g6 10. 0-0 Bg7 11. Ne5 0-0 12. f4 Ne7 13. Qe2 Nf5 14. Rae1 Rc8 15. a4 Nd6 16. Ba3 Re8 17. Bxd6 Qxd6 18. Kh1 Rc7 19. g4 Rec8 20. Qe3 Ne4 21. g5 Qb4 22. Nxe4 dxe4 23. Bc4 a6 24. Qh3 Qd6 25. Re3 b5 26. axb5 axb5 27. Bxb5 Rxc2 28. Bc4 Bd5 29. Bxd5 Qxd5 30. Rfe1 Ra2 31. Nc4 Bxd4 32. Rxe4 Ra1 33. Qf1 Qxe4+ 34. Rxe4 Rxf1+ 0-1

[Event "POL-chT 2nd League"]
[Site "Jastrzebia Gora"]
[Date "2024.09.08"]
[Round "9.58"]
[White "Flis, Pawel"]
[Black "Piwowarczyk, Bartlomiej"]
[Result "1/2-1/2"]
[WhiteElo "2006"]
[BlackElo "1891"]
[PlyCount "42"]
[EventDate "2024.08.31"]
[EventType "team-swiss"]
[EventRounds "9"]
[EventCountry "POL"]
[SourceTitle "EXT 2025"]
[Source "ChessBase"]
[SourceDate "2024.10.14"]
[SourceVersion "1"]
[SourceVersionDate "2024.10.14"]
[SourceQuality "1"]
[WhiteTeam "Lodz Okucia Budowlane"]
[BlackTeam "Myslenice MAT"]
[WhiteTeamCountry "POL"]
[BlackTeamCountry "POL"]

1. e4 d6 2. d4 Nf6 3. Nc3 e5 4. Nf3 Nbd7 5. Bc4 Be7 6. 0-0 c6 7. a4 Qc7 8. Re1 h6 9. b3 Nf8 10. Nh4 g6 11. h3 Ne6 12. Nf3 g5 13. dxe5 dxe5 14. Nh2 Nf4 15. Ne2 Bc5 16. Ng3 h5 17. Be3 Bb4 18. Bd2 h4 19. Ngf1 Bxd2 20. Qxd2 Rg8 21. f3 Be6 1/2-1/2

[Event "POL-chT 2nd League"]
[Site "Sypniewo"]
[Date "2021.09.10"]
[Round "7.17"]
[White "Piwowarczyk, Bartlomiej"]
[Black "Malinowski, Damian"]
[Result "1-0"]
[WhiteElo "1884"]
[BlackElo "2012"]
[PlyCount "107"]
[EventDate "2021.09.04"]
[EventType "team-swiss"]
[EventRounds "9"]
[EventCountry "POL"]
[SourceTitle "CBM 204 Extra"]
[Source "ChessBase"]
[SourceDate "2021.11.30"]
[SourceVersion "1"]
[SourceVersionDate "2021.11.30"]
[SourceQuality "1"]
[WhiteTeam "Myslenice MAT"]
[BlackTeam "Raciborz Silesia"]
[WhiteTeamCountry "POL"]
[BlackTeamCountry "POL"]

1. d4 d5 2. Bf4 Nf6 3. e3 e6 4. Nd2 Bd6 5. Bg3 b6 6. Bd3 Bb7 7. Ngf3 c5 8. c3 Ne4 9. Bxd6 Qxd6 10. Bxe4 dxe4 11. Ng5 Qe7 12. Qh5 h6 13. Ngxe4 cxd4 14. exd4 0-0 15. f3 Nd7 16. 0-0 Rad8 17. Rfe1 Nf6 18. Nxf6+ Qxf6 19. Qe5 Qg6 20. Ne4 Bxe4 21. Qxe4 Qg5 22. Rad1 Rd7 23. Re2 Rfd8 24. c4 b5 25. b3 bxc4 26. bxc4 Rxd4 27. Rxd4 Qc5 28. Red2 e5 29. Qxe5 Qxe5 30. Rxd8+ Kh7 31. h3 Qe3+ 32. Kf1 Qc5 33. Rc2 Qf5 34. Rdd2 Qc5 35. a4 f6 36. h4 a6 37. Re2 Kg6 38. Red2 Kh7 39. g3 Qc6 40. Kg2 Qxa4 41. c5 Qc6 42. Rd6 Qa4 43. Rdd2 Qc6 44. h5 a5 45. g4 a4 46. Rd6 Qc7 47. c6 f5 48. gxf5 Qe7 49. Rg6 a3 50. c7 a2 51. c8Q a1Q 52. f6 Qaxf6 53. Rxf6 Qxf6 54. Qg4 1-0

[Event "POL-chT 2nd League"]
[Site "Sypniewo"]
[Date "2021.09.09"]
[Round "6.17"]
[White "Komendecki, Antoni"]
[Black "Piwowarczyk, Bartlomiej"]
[Result "1-0"]
[WhiteElo "1845"]
[BlackElo "1884"]
[PlyCount "69"]
[EventDate "2021.09.04"]
[EventType "team-swiss"]
[EventRounds "9"]
[EventCountry "POL"]
[SourceTitle "CBM 204 Extra"]
[Source "ChessBase"]
[SourceDate "2021.11.30"]
[SourceVersion "1"]
[SourceVersionDate "2021.11.30"]
[SourceQuality "1"]
[WhiteTeam "Legnica Miedz II"]
[BlackTeam "Myslenice MAT"]
[WhiteTeamCountry "POL"]
[BlackTeamCountry "POL"]

1. e4 c5 2. Nf3 e6 3. d4 cxd4 4. Nxd4 Nf6 5. Nc3 Nc6 6. Be2 Bb4 7. Bf3 0-0 8. 0-0 Bxc3 9. bxc3 a6 10. Ba3 Re8 11. Nxc6 dxc6 12. Qxd8 Rxd8 13. Rfd1 Re8 14. Rd6 e5 15. Rb1 b5 16. Rxc6 Bb7 17. Rb6 Bxe4 18. Rxf6 gxf6 19. Bxe4 Rad8 20. f3 Rc8 21. Bb4 Rc7 22. Rd1 Kg7 23. a3 Ra7 24. Ba5 Ree7 25. Bf5 Ra8 26. Rd6 Ree8 27. Be4 Ra7 28. Bb6 Rae7 29. Bf5 Rb7 30. Bd8 a5 31. Bxa5 Ra7 32. Bb4 Raa8 33. Bd3 Rab8 34. Rd5 f5 35. Bd6 1-0

[Event "POL-chT 2nd League"]
[Site "Sypniewo"]
[Date "2021.09.05"]
[Round "2.17"]
[White "Piwowarczyk, Bartlomiej"]
[Black "Samborski, Henryk"]
[Result "0-1"]
[WhiteElo "1884"]
[BlackElo "2052"]
[PlyCount "134"]
[EventDate "2021.09.04"]
[EventType "team-swiss"]
[EventRounds "9"]
[EventCountry "POL"]
[SourceTitle "CBM 204 Extra"]
[Source "ChessBase"]
[SourceDate "2021.11.30"]
[SourceVersion "1"]
[SourceVersionDate "2021.11.30"]
[SourceQuality "1"]
[WhiteTeam "Myslenice MAT"]
[BlackTeam "Rydultowy Ognisko"]
[WhiteTeamCountry "POL"]
[BlackTeamCountry "POL"]

1. d4 Nf6 2. Nf3 g6 3. c4 Bg7 4. Nc3 0-0 5. e4 d6 6. Be2 e5 7. 0-0 Nc6 8. d5 Ne7 9. Ne1 Nd7 10. Nd3 f5 11. Bd2 Nf6 12. f3 Kh8 13. Rc1 Neg8 14. c5 Bh6 15. Nb5 fxe4 16. Bxh6 Nxh6 17. fxe4 a6 18. Qd2 axb5 19. Qxh6 Bd7 20. Nf2 Rxa2 21. cxd6 cxd6 22. Ng4 Bxg4 23. Bxg4 Ra8 24. Bf3 Qb6+ 25. Kh1 Rf7 26. h3 Raf8 27. Rfe1 Qf2 28. Kh2 Ng8 29. Re2 Qxe2 30. Qxf8 Qxf3 31. Qxg8+ Kxg8 32. gxf3 Rxf3 33. Rc7 Rb3 34. Rxb7 Rxb2+ 35. Kg3 Rb3+ 36. Kg2 g5 37. Rb6 b4 38. Rxd6 Re3 39. Rb6 Rxe4 40. Rb7 Rd4 41. Kf3 h5 42. d6 Kf8 43. Ke3 Rxd6 44. Ke4 Rf6 45. Kxe5 Rf4 46. h4 Rxh4 47. Kf6 Ke8 48. Kxg5 Rc4 49. Kxh5 Kd8 50. Kg5 Kc8 51. Rb5 Kc7 52. Kf5 Kc6 53. Rb8 Kd5 54. Rd8+ Kc5 55. Ke5 Rh4 56. Rc8+ Kb5 57. Kd5 b3 58. Rb8+ Ka4 59. Kc5 Ka3 60. Ra8+ Kb2 61. Kd5 Kc2 62. Rc8+ Kd3 63. Rb8 Rh5+ 64. Kd6 Kc3 65. Rc8+ Kb4 66. Ra8 b2 67. Kc6 Kc3 0-1

[Event "Malopolska Region-chB"]
[Site "Krakow"]
[Date "2021.06.06"]
[Round "7"]
[White "Krupinski, Mikolaj"]
[Black "Piwowarczyk, Bartlomiej"]
[Result "0-1"]
[WhiteElo "1830"]
[BlackElo "1714"]
[PlyCount "150"]
[EventDate "2021.06.03"]
[EventType "swiss"]
[EventRounds "7"]
[EventCountry "POL"]
[SourceTitle "EXT 2023"]
[Source "ChessBase"]
[SourceDate "2022.10.05"]
[SourceVersion "1"]
[SourceVersionDate "2022.10.05"]
[SourceQuality "1"]

1. e4 d6 2. d4 Nf6 3. Nc3 e5 4. dxe5 dxe5 5. Qxd8+ Kxd8 6. Bg5 c6 7. 0-0-0+ Ke8 8. Bc4 Nbd7 9. f3 b5 10. Bd3 a5 11. Rd2 a4 12. Nd1 Bc5 13. Be3 Be7 14. Ne2 b4 15. Bc4 Ba6 16. Bxa6 Rxa6 17. Ng3 g6 18. Nf2 c5 19. f4 c4 20. Rhd1 c3 21. Rd3 exf4 22. Bxf4 Nc5 23. Rf3 b3 24. axb3 axb3 25. Rxc3 Ra1+ 26. Kd2 Ra2 27. Be3 Rxb2 28. Bxc5 Rxc2+ 29. Rxc2 bxc2 30. Ra1 Bxc5 31. Nd3 Be7 32. Ra8+ Bd8 33. Ne5 Ke7 34. Ra7+ Ke6 35. Nxf7 Ba5+ 36. Kxc2 Rc8+ 37. Kd3 Rc3+ 38. Ke2 Rc5 39. Nd8+ Bxd8 40. Kd3 Ra5 41. Rb7 Nd7 42. Rb2 Ra3+ 43. Ke2 Bc7 44. Nf1 Be5 45. Rc2 Rc3 46. Rxc3 Bxc3 47. Kd3 Be5 48. h3 Bf4 49. g3 Bc7 50. Ke3 Nf6 51. Kf3 Ke5 52. Nd2 Kd4 53. Nb3+ Kc4 54. Nc1 Nh5 55. Ne2 Be5 56. g4 Ng7 57. Ke3 Ne6 58. h4 h6 59. Kf2 Kd3 60. Nc1+ Kxe4 61. Ne2 Nc5 62. Kg2 Nd3 63. h5 g5 64. Ng1 Kf4 65. Kh3 Nf2+ 66. Kg2 Nxg4 67. Ne2+ Ke3 68. Ng1 Nf6 69. Nf3 Bf4 70. Kh3 g4+ 71. Kh4 gxf3 72. Kh3 f2 73. Kh4 Bg5+ 74. Kg3 f1Q 75. Kh2 Bf4# 0-1

[Event "Malopolska Region-chB"]
[Site "Krakow"]
[Date "2021.06.05"]
[Round "6"]
[White "Piwowarczyk, Bartlomiej"]
[Black "Budzisz, Adrian"]
[Result "1-0"]
[WhiteElo "1714"]
[BlackElo "1858"]
[PlyCount "83"]
[EventDate "2021.06.03"]
[EventType "swiss"]
[EventRounds "7"]
[EventCountry "POL"]
[SourceTitle "EXT 2023"]
[Source "ChessBase"]
[SourceDate "2022.10.05"]
[SourceVersion "1"]
[SourceVersionDate "2022.10.05"]
[SourceQuality "1"]

1. d3 d5 2. Nf3 Nf6 3. Nbd2 c5 4. e4 e6 5. c3 Nc6 6. Be2 Qc7 7. Qc2 Be7 8. b3 0-0 9. 0-0 b5 10. Bb2 Bb7 11. Rac1 Rfd8 12. Rfe1 Qb6 13. a3 Rac8 14. c4 dxc4 15. dxc4 b4 16. a4 e5 17. Nxe5 Nxe5 18. Bxe5 Qe6 19. Bf4 Rd4 20. f3 Ne8 21. Nf1 Bf6 22. Red1 Bxe4 23. fxe4 Rxe4 24. Bg4 Qxg4 25. Qxe4 g5 26. Ne3 Qxf4 27. Qxf4 gxf4 28. Nf5 Nc7 29. Rd7 Ne6 30. Nh6+ Kg7 31. Nxf7 Kg6 32. Nd6 Rc6 33. Ne4 Nd4 34. Rd1 Be5 35. Rd5 Kf5 36. Re1 Rg6 37. Kf2 Nc2 38. g4+ Kxg4 39. Rxe5 Nxe1 40. Kxe1 Rh6 41. h3+ Kxh3 42. Kf2 1-0

[Event "POL-chT U20 2nd League"]
[Site "Sypniewo"]
[Date "2020.??.??"]
[Round "9.55"]
[White "Piwowarczyk, Bartlomiej"]
[Black "Lenart, Jakub"]
[Result "1/2-1/2"]
[WhiteElo "1773"]
[BlackElo "1607"]
[PlyCount "36"]
[EventDate "2020.10.23"]
[EventType "team-swiss"]
[EventRounds "9"]
[EventCountry "POL"]
[SourceTitle "CBM 199 Extra"]
[Source "ChessBase"]
[SourceDate "2021.01.31"]
[SourceVersion "1"]
[SourceVersionDate "2021.01.31"]
[SourceQuality "1"]

1. d4 Nf6 2. Nf3 c5 3. c3 cxd4 4. cxd4 d5 5. Bf4 e6 6. e3 Bd7 7. Bd3 Nc6 8. 0-0 Be7 9. h3 Rc8 10. a3 0-0 11. Nbd2 Na5 12. Ne5 Qb6 13. b4 Nc6 14. Bg5 Qd8 15. Bf4 Qb6 16. Bg5 Qd8 17. Bf4 Qb6 18. Bg5 Qd8 1/2-1/2

[Event "POL-chT U20 2nd League"]
[Site "Sypniewo"]
[Date "2020.??.??"]
[Round "1.7"]
[White "Piwowarczyk, Bartlomiej"]
[Black "Lewandowski, Wiktor"]
[Result "1/2-1/2"]
[WhiteElo "1773"]
[BlackElo "1756"]
[PlyCount "65"]
[EventDate "2020.10.23"]
[EventType "team-swiss"]
[EventRounds "9"]
[EventCountry "POL"]
[SourceTitle "CBM 199 Extra"]
[Source "ChessBase"]
[SourceDate "2021.01.31"]
[SourceVersion "1"]
[SourceVersionDate "2021.01.31"]
[SourceQuality "1"]

1. d4 Nf6 2. Bf4 d5 3. e3 c5 4. c3 Nc6 5. Nd2 Bf5 6. Qb3 Qb6 7. dxc5 Qxb3 8. Nxb3 e5 9. Bg3 a5 10. Nf3 a4 11. Nbd2 Nd7 12. Bb5 f6 13. 0-0 Bxc5 14. Rfe1 Be6 15. a3 0-0 16. c4 dxc4 17. Bxc4 Bxc4 18. Nxc4 Nb6 19. Rac1 Nxc4 20. Rxc4 Be7 21. Nd2 Bd8 22. Ne4 Ne7 23. Nd6 b6 24. Rd1 Ng6 25. Nf5 Ne7 26. Nd6 Ng6 27. Nf5 Ne7 28. Nxe7+ Bxe7 29. Rc7 Rfd8 30. Rdd7 Rxd7 31. Rxd7 Bc5 32. Kf1 f5 33. Kg1 1/2-1/2

[Event "POL-chT U20 2nd League"]
[Site "Sypniewo"]
[Date "2020.??.??"]
[Round "6.43"]
[White "Piwowarczyk, Bartlomiej"]
[Black "Majdanski, Maksymilian"]
[Result "1/2-1/2"]
[WhiteElo "1773"]
[BlackElo "1817"]
[PlyCount "59"]
[EventDate "2020.10.23"]
[EventType "team-swiss"]
[EventRounds "9"]
[EventCountry "POL"]
[SourceTitle "CBM 199 Extra"]
[Source "ChessBase"]
[SourceDate "2021.01.31"]
[SourceVersion "1"]
[SourceVersionDate "2021.01.31"]
[SourceQuality "1"]

1. e4 c5 2. Nf3 Nc6 3. d3 g6 4. g3 Bg7 5. Bg2 d6 6. 0-0 e6 7. Re1 Nge7 8. c3 0-0 9. Nbd2 Rb8 10. h4 b5 11. Nf1 b4 12. c4 Nd4 13. Nxd4 cxd4 14. Nh2 f5 15. h5 e5 16. Bg5 h6 17. Bxe7 Qxe7 18. hxg6 Rf6 19. exf5 Bxf5 20. Qc2 Bxg6 21. Be4 Bxe4 22. Rxe4 Rf7 23. Kg2 Kh7 24. f3 Rc8 25. Rf1 Rc5 26. Rf2 Ra5 27. b3 Rc5 28. f4 a5 29. fxe5 Rxf2+ 30. Kxf2 1/2-1/2

[Event "POL-chT U19 2nd League"]
[Site "Iwonicz"]
[Date "2016.07.31"]
[Round "3.46"]
[White "Majdanski, Maksymilian"]
[Black "Piwowarczyk, Bartlomiej"]
[Result "1-0"]
[WhiteElo "1515"]
[BlackElo "1425"]
[PlyCount "53"]
[EventDate "2016.07.23"]
[EventType "team-swiss"]
[EventRounds "11"]
[EventCountry "POL"]
[SourceTitle "EXT 2019"]
[Source "ChessBase"]
[SourceDate "2018.10.10"]
[SourceVersion "1"]
[SourceVersionDate "2018.10.10"]
[SourceQuality "1"]
[WhiteTeam "Strzelce Krajenskie STMGK U19"]
[BlackTeam "Myslenice MAT U20"]
[WhiteTeamCountry "POL"]
[BlackTeamCountry "POL"]

1. e4 e5 2. Nf3 Nc6 3. Bb5 Nf6 4. 0-0 Bc5 5. Re1 Nd4 6. Nxd4 Bxd4 7. c3 Bb6 8. d4 c6 9. dxe5 cxb5 10. exf6 Qxf6 11. Be3 Bxe3 12. Rxe3 0-0 13. e5 Qf5 14. Na3 a6 15. Qd6 f6 16. Rd1 Qe6 17. b3 Qf7 18. Rf3 Qe6 19. Re3 Qf7 20. Nc2 Qg6 21. Nb4 h6 22. Nd5 Qc2 23. Nxf6+ gxf6 24. Rg3+ Kf7 25. exf6 Qe4 26. Rg7+ Ke8 27. Re7+ 1-0

[Event "POL-chT U19 2nd League"]
[Site "Iwonicz"]
[Date "2016.07.31"]
[Round "2.16"]
[White "Piwowarczyk, Bartlomiej"]
[Black "Klimkowski, Jan"]
[Result "1/2-1/2"]
[WhiteElo "1425"]
[BlackElo "1443"]
[PlyCount "78"]
[EventDate "2016.07.23"]
[EventType "team-swiss"]
[EventRounds "11"]
[EventCountry "POL"]
[SourceTitle "EXT 2019"]
[Source "ChessBase"]
[SourceDate "2018.10.10"]
[SourceVersion "1"]
[SourceVersionDate "2018.10.10"]
[SourceQuality "1"]
[WhiteTeam "Myslenice MAT U20"]
[BlackTeam "Konin UKS Smecz U19"]
[WhiteTeamCountry "POL"]
[BlackTeamCountry "POL"]

1. e4 c5 2. Nf3 Nc6 3. d4 cxd4 4. Nxd4 g6 5. Nc3 Bg7 6. Nb3 Bxc3+ 7. bxc3 Nf6 8. Bd3 d5 9. exd5 Qxd5 10. 0-0 0-0 11. c4 Qh5 12. Qxh5 Nxh5 13. c5 Ng7 14. Re1 Bf5 15. Bb2 e6 16. a3 Rfd8 17. Bxg7 Kxg7 18. Bxf5 exf5 19. Rad1 Kf6 20. h3 Rxd1 21. Rxd1 Rd8 22. Rxd8 Nxd8 23. f4 Ke6 24. c4 Kd7 25. Kf2 Kc6 26. Ke3 Ne6 27. g3 Nxc5 28. Nd2 h5 29. Kd4 Kd6 30. Nf3 f6 31. Nh4 Ne6+ 32. Kc3 Nf8 33. Nf3 Kc5 34. Nd4 a6 35. Nb3+ Kc6 36. Nd4+ Kc5 37. Nb3+ Kc6 38. Nd4+ Kc5 39. Nb3+ Kc6 1/2-1/2

[Event "POL-chT U19 2nd League"]
[Site "Iwonicz"]
[Date "2016.07.31"]
[Round "10.28"]
[White "Piwowarczyk, Bartlomiej"]
[Black "Ullrich, Agata"]
[Result "1-0"]
[WhiteElo "1425"]
[BlackElo "1196"]
[PlyCount "130"]
[EventDate "2016.07.23"]
[EventType "team-swiss"]
[EventRounds "11"]
[EventCountry "POL"]
[SourceTitle "EXT 2019"]
[Source "ChessBase"]
[SourceDate "2018.10.10"]
[SourceVersion "1"]
[SourceVersionDate "2018.10.10"]
[SourceQuality "1"]
[WhiteTeam "Myslenice MAT U20"]
[BlackTeam "Poznan UMKS Na Pieterku U19"]
[WhiteTeamCountry "POL"]
[BlackTeamCountry "POL"]

1. e4 e5 2. Nf3 Nc6 3. Bb5 a6 4. Ba4 Bc5 5. d3 Nf6 6. 0-0 b5 7. Bb3 h6 8. c3 0-0 9. h3 d6 10. Re1 Be6 11. d4 Bxb3 12. axb3 Bb6 13. Qd3 Qd7 14. Be3 Rfe8 15. d5 Bxe3 16. Qxe3 Ne7 17. Nh4 Nh7 18. Qd3 a5 19. Nd2 c6 20. c4 b4 21. Rec1 c5 22. Nf1 Ra6 23. Ng3 Kh8 24. Nhf5 Nf6 25. Qf3 Kh7 26. Nh5 Nxh5 27. Nxe7 Qxe7 28. Qxh5 g6 29. Qg4 Rd8 30. Rd1 Qd7 31. Qh4 Rf8 32. Rd3 Qd8 33. Qg3 Qg5 34. Qxg5 hxg5 35. Rg3 Kh6 36. Kf1 f6 37. Ke2 Rf7 38. Rh1 Kh5 39. f3 Ra8 40. h4 gxh4 41. Rgh3 g5 42. g3 Rg7 43. gxh4 gxh4 44. Rxh4+ Kg6 45. Rg4+ Kf7 46. Rh5 Rag8 47. Rxg7+ Rxg7 48. Kf2 Rg5 49. Rh7+ Rg7 50. Rh1 Kg8 51. Ra1 Ra7 52. Kg3 Kg7 53. Kg4 Kg6 54. f4 Ra8 55. f5+ Kf7 56. Rh1 Kg7 57. Rg1 Rg8 58. Kh5+ Kf7 59. Rxg8 Kxg8 60. Kg6 Kf8 61. Kxf6 Ke8 62. Ke6 Kf8 63. Kxd6 Kf7 64. Kxe5 Ke7 65. f6+ Kf7 1-0